Размышления перед казнью (Запись № 65147)

Подробности
000 -МАРКЕР
контрольное поле 01437nam0a2200313 4500
001 - ИДЕНТИФИКАТОР ЗАПИСИ
контрольное поле RU\NLR\bibl\16038
005 - ИДЕНТИФИКАТОР ВЕРСИИ
контрольное поле 20260406053312.0
010 ## - МЕЖДУНАРОДНЫЙ СТАНДАРТНЫЙ НОМЕР КНИГИ (ISBN)
Номер (ISBN) 5-300-01753-1
021 ## - НОМЕР ГОСУДАРСТВЕННОЙ РЕГИСТРАЦИИ
Код страны Российская Федерация
Номер 98-15151
Номер Листа государственной регистраци 715
035 ## - ДРУГИЕ СИСТЕМНЫЕ НОМЕРА
Идентификатор записи (NLR Aleph) 000015666
100 ## - ДАННЫЕ ОБЩЕЙ ОБРАБОТКИ
Данные общей обработки 19990315d1998 |||y0rusy50 ca
101 1# - ЯЗЫК РЕСУРСА
Язык текста, звукозаписи и т.д. русский
Язык оригинала немецкий
102 ## - СТРАНА ПУБЛИКАЦИИ ИЛИ ПРОИЗВОДСТВА
Страна публикации Российская Федерация
105 ## - ПОЛЕ КОДИРОВАННЫХ ДАННЫХ: ТЕКСТОВЫЕ МАТЕРИАЛЫ, МОНОГРАФИЧЕСКИЕ
Кодированные данные о монографическом текстовом документе |||||||||||||
200 1# - ЗАГЛАВИЕ И СВЕДЕНИЯ ОБ ОТВЕТСТВЕННОСТИ
Основное заглавие Размышления перед казнью
Сведения, относящиеся к заглавию Воспоминания, письма и документы нач. штаба Верхов. главнокомандования вермахта
Первые сведения об ответственности Вильгельм Кейтель
Последующие сведения об ответственности [Пер. с нем., предисл. Г.Рудого]
210 ## - ПУБЛИКАЦИЯ, РАСПРОСТРАНЕНИЕ И ДР.
Место издания, распространения и т.д. М.
Имя издателя, распространителя и т. д. ТЕРРА - Кн. клуб
Дата издания, распространения и т.д. 1998
215 ## - ФИЗИЧЕСКАЯ ХАРАКТЕРИСТИКА
Специфическое обозначение материала и объем 505 с.
Размеры 22
225 1# - СЕРИЯ
Основное заглавие серии Тайны истории
Сведения, относящиеся к заглавию ТИ
Наименование части Век ХХ
606 0# - НАИМЕНОВАНИЕ ТЕМЫ КАК ПРЕДМЕТ
Наименование темы Вторая мировая война
Формальный подзаголовок Документы и материалы
Хронологический подзаголовок 1939 - 1945
Системный номер авторитетной/нормативной записи 981773
Идентификатор авторитетной/нормативной записи RU\NLR\auth\6651280
606 0# - НАИМЕНОВАНИЕ ТЕМЫ КАК ПРЕДМЕТ
Наименование темы Вторая мировая война
Формальный подзаголовок Воспоминания, записки и т.п.
Хронологический подзаголовок 1939 - 1945
Системный номер авторитетной/нормативной записи 981773
Идентификатор авторитетной/нормативной записи RU\NLR\auth\6651280
686 ## - ИНДЕКСЫ ДРУГИХ КЛАССИФИКАЦИЙ
Индекс Т3(0)62,011
700 #1 - ИМЯ ЛИЦА - ПЕРВИЧНАЯ ОТВЕТСТВЕННОСТЬ
Код отношения Автор
Материалы, к которым относится поле rus
Графика поля Кириллица
Начальный элемент ввода Кейтель
Часть имени, кроме начального элемента ввода В.
Дополнения к именам, кроме дат фельдмаршал
Даты 1882-1946
Расширение инициалов личного имени Вильгельм
Идентификатор авторитетной/нормативной записи RU\NLR\AUTH\778096
Системный номер авторитетной/нормативной записи 118015
801 #0 - ИСТОЧНИК ЗАПИСИ
Страна Российская Федерация
Организация NLR
Дата составления 19990315
Правила каталогизации PSBO
801 #1 - ИСТОЧНИК ЗАПИСИ
Страна Российская Федерация
Организация NLR
Дата составления 19990315
830 ## - ОБЩЕЕ ПРИМЕЧАНИЕ, СОСТАВЛЕННОЕ КАТАЛОГИЗАТОРОМ
Текст примечания Авт. раскрыт по кн.
852 ## - МЕСТОНАХОЖДЕНИЕ И ШИФР ХРАНЕНИЯ
Идентификатор организации NLR
Шифр хранения (Call Number) 98-5/1420
942 ## - ДОПОЛНИТЕЛЬНЫЕ ЭЛЕМЕНТЫ ЗАПИСИ (АБИС)
Тип экземпляра АБИС Книга
980 ## - КОЛЛЕКЦИЯ
Название коллекции Национальная библиография
Экземпляры
Тип экземпляра Дата поступления Библиотека постоянного хранения Библиотека текущего хранения Место хранения Шифр хранения Штрих-код Статус экземпляра
Книга 26.10.2013 РНБ (Московский) РНБ (Московский) Русский книжный фонд: издания с 1957 года 98-5/1420 15666-10